Understanding applied behavior analysis (Record no. 151885)
[ view plain ]
| 000 -LEADER | |
|---|---|
| fixed length control field | 01423nam a2200337 a 4500 |
| 100 1# - MAIN ENTRY--AUTHOR NAME | |
| Personal name | Kearney, Albert J. |
| 245 10 - TITLE STATEMENT | |
| Title | Understanding applied behavior analysis |
| 260 ## - PUBLICATION, DISTRIBUTION, ETC. (IMPRINT) | |
| Place of publication | London ; |
| -- | Philadelphia : |
| Name of publisher | Jessica Kingsley Publishers, |
| Year of publication | 2008. |
| 300 ## - PHYSICAL DESCRIPTION | |
| Number of Pages | 117 p. |
| 505 0# - FORMATTED CONTENTS NOTE | |
| Formatted contents note | pt. 1. The ABCs of ABA -- pt. 2. Putting it all together. |
| 650 #0 - SUBJECT ADDED ENTRY--TOPICAL TERM | |
| Topical Term | Psychology, Applied. |
| Topical Term | Environmental psychology. |
| Topical Term | Behavior modification. |
| Topical Term | Reinforcement (Psychology) |
| Topical Term | Autistic children |
| 856 40 - ELECTRONIC LOCATION AND ACCESS | |
| Uniform Resource Identifier | http://site.ebrary.com/lib/rucke/Doc?id=10233831 |
No items available.
